Statistics for Super Short Movie Titles Quiz

Click here to take the quiz!

General Stats

  • This quiz has been taken 48,898 times
    (23,400 since last reset)
  • The average score is 14 of 20

Answer Stats

DescriptionMovie% Correct
Scientist is at times green, angry, and incredibleHulk
93%
Widower uses balloons to travel to South AmericaUp
92%
Norse god is banished to EarthThor
92%
Giant shark eats skinny-dippers and people in small boats off the coast of MassachusettsJaws
91%
One of Santa's helpers travels to NYC to meet his biological fatherElf
86%
Man and his stuffed bear are thunder buddies for lifeTed
85%
Anthropomorphic automobiles compete to win the big raceCars
78%
Teen is pregnant but has a sense of humor about itJuno
74%
Small number of oily soldiers battle a much larger force of Persians300
70%
Confirming Mayan predictions, the world is destroyed by a series of natural disasters2012
66%
After making a wish, a boy wakes up in the body of a fully-grown manBig
63%
Brazilian birds must defeat smugglersRio
59%
Blind pianist becomes a music legendRay
58%
Gay man wins political office in San FranciscoMilk
56%
Mathematicians are driven to madness by a 216 digit numberPi
54%
Maybe the Kennedy assassination was a huge conspiracyJFK
53%
Inside a computer, a man uses his frisbee to fight for the usersTron
52%
Man falls in love with his operating systemHer
50%
Woman gains superpowers after a drug allows her to use more than 10% of her brainLucy
48%
Nerds use math to count cards in Vegas21
44%

Score Distribution

Percentile by Number Answered

Percent of People with Each Score

Your Score History

You have not taken this quiz since the last reset